[Event "ESP-ch 83rd"]
[Site "Linares"]
[Date "2018.08.23"]
[Round "4"]
[White "Rodriguez Perez, Angel Mariano"]
[Black "Gonzalez Garcia, Francisco"]
[Result "1-0"]
[WhiteElo "2223"]
[BlackElo "1972"]
[PlyCount "89"]
[EventDate "2018.08.20"]
[EventType "swiss"]
[EventRounds "9"]
[EventCountry "ESP"]
[SourceTitle "CBM 186 Extra"]
[Source "ChessBase"]
[SourceDate "2018.08.24"]
[SourceVersion "1"]
[SourceVersionDate "2018.08.24"]
[SourceQuality "1"]

1. e4 c5 2. Nc3 e6 3. f4 d5 4. Bb5+ Nc6 5. Bxc6+ bxc6 6. d3 Nf6 7. e5 Nd7 8. Nf3 Be7 9. 0-0 0-0 10. Qe1 Ba6 11. b3 Rb8 12. Qg3 Kh8 13. Kh1 Qa5 14. Bd2 Qc7 15. Rfe1 Rbe8 16. Nd1 Bc8 17. Bc3 d4 18. Bd2 Nb6 19. Ba5 Qd7 20. Bxb6 axb6 21. Nf2 Bb7 22. Qh3 b5 23. Ng5 Bxg5 24. fxg5 f6 25. exf6 gxf6 26. Ne4 fxg5 27. Nxc5 Qf7 28. Nxb7 Qxb7 29. Rxe6 Qf7 30. Rxe8 Rxe8 31. Qg4 Qf2 32. h3 Re2 33. Qxg5 Rxc2 34. a4 Re2 35. Kh2 Re1 36. Rxe1 Qxe1 37. Qd8+ Kg7 38. Qxd4+ Kg8 39. axb5 cxb5 40. Qd5+ Kg7 41. Qxb5 Qf1 42. Qd7+ Kh8 43. Qd4+ Kg8 44. Qg4+ Kh8 45. Qf3 1-0

[Event "Jaen-ch Seniors 1st"]
[Site "Jaen"]
[Date "2018.03.17"]
[Round "1.1"]
[White "Gonzalez Garcia, Francisco"]
[Black "Castilla Ayllon, Juan"]
[Result "1-0"]
[WhiteElo "1981"]
[BlackElo "1655"]
[PlyCount "117"]
[EventDate "2018.03.17"]
[EventType "swiss"]
[EventRounds "6"]
[EventCountry "ESP"]
[SourceTitle "EXT 2024"]
[Source "ChessBase"]
[SourceDate "2023.10.10"]
[SourceVersion "1"]
[SourceVersionDate "2023.10.10"]
[SourceQuality "1"]

1. e4 e5 2. Nf3 Nc6 3. Bb5 Bc5 4. 0-0 Nge7 5. c3 a6 6. Ba4 Bb6 7. d4 exd4 8. cxd4 d5 9. exd5 Nxd5 10. Re1+ Be6 11. Ng5 0-0 12. Bxc6 bxc6 13. Nxe6 fxe6 14. Nc3 Qf6 15. Be3 Nxe3 16. fxe3 Qf2+ 17. Kh1 Qxb2 18. Ne4 Rf5 19. a4 Raf8 20. Qd3 Qb4 21. Reb1 Qa5 22. Rc1 c5 23. dxc5 Bxc5 24. Nxc5 Rxc5 25. Rxc5 Qxc5 26. Qxa6 Qxe3 27. Qc6 Qe5 28. Rc1 Qd6 29. Qc4 Rf4 30. Qb3 Qa6 31. h3 Rf1+ 32. Rxf1 Qxf1+ 33. Kh2 Qf4+ 34. Kg1 Qd4+ 35. Kf1 Qb6 36. Qc4 Kf7 37. Qe4 h6 38. Qc4 Ke7 39. Qc3 Kf7 40. a5 Qa7 41. Qb4 e5 42. Qc4+ Ke7 43. Qb5 Kd6 44. Qd3+ Ke7 45. a6 c5 46. Qg6 Kd8 47. Qd6+ Kc8 48. Qf8+ Kc7 49. Qxg7+ Kb6 50. Qxh6+ Ka5 51. h4 c4 52. Qd2+ Ka4 53. Qa2+ Kb4 54. Qb2+ Ka5 55. Qxe5+ Ka4 56. Qe6 c3 57. Qc4+ Ka5 58. Qxc3+ Kb6 59. Qd4+ 1-0

[Event "Jaen op 2nd"]
[Site "Jaen"]
[Date "2014.06.28"]
[Round "3"]
[White "Gonzalez Garcia, Francisco"]
[Black "Santos Latasa, Jaime"]
[Result "0-1"]
[WhiteElo "1907"]
[BlackElo "2449"]
[PlyCount "88"]
[EventDate "2014.06.27"]
[EventType "swiss"]
[EventRounds "9"]
[EventCountry "ESP"]
[SourceTitle "CBM 161 Extra"]
[Source "ChessBase"]
[SourceDate "2014.08.29"]
[SourceVersion "1"]
[SourceVersionDate "2014.08.29"]
[SourceQuality "1"]

1. e4 c5 2. Nf3 e6 3. d4 cxd4 4. Nxd4 a6 5. Nc3 Qc7 6. Be2 Nf6 7. 0-0 Bb4 8. Bf3 Nc6 9. Nxc6 dxc6 10. Qe2 e5 11. a3 Be7 12. Be3 Be6 13. Rfd1 b5 14. Rd2 0-0 15. h3 Bc4 16. Qe1 h6 17. Ne2 Kh7 18. Ng3 g6 19. Be2 Be6 20. Rd3 h5 21. Bf3 Nd7 22. Bxh5 gxh5 23. Qe2 Nf6 24. Bg5 Rg8 25. Bxf6 Bxf6 26. Qxh5+ Kg7 27. Qf3 Be7 28. Nf5+ Kf8 29. Qh5 Bxf5 30. Qh6+ Ke8 31. exf5 Bg5 32. Qh7 Ke7 33. Rad1 Rad8 34. Qh5 Bf6 35. Qf3 Rxd3 36. Rxd3 Rd8 37. Re3 Rd4 38. g4 Qd6 39. c3 Rd1+ 40. Kg2 Qd5 41. Qxd5 cxd5 42. f4 Kd6 43. fxe5+ Bxe5 44. Re2 Rd3 0-1